[Event "Fall 50 50 Pro-Am"]
[Site "Guelph CAN"]
[Date "2007.11.03"]
[Round "2"]
[White "Baljeu, Alan"]
[Black "Plotkin, Victor"]
[Result "1/2-1/2"]
[WhiteElo "2027"]
[BlackElo "2309"]
[PlyCount "119"]
[GameId "2160767910574458"]
[EventDate "2007.11.03"]
[EventType "swiss"]
[EventRounds "5"]
[EventCountry "CAN"]
[SourceTitle "EXT 2022"]
[Source "ChessBase"]
[SourceDate "2021.10.06"]
[SourceVersion "1"]
[SourceVersionDate "2021.10.06"]
[SourceQuality "1"]

1. Nf3 d5 2. c4 e6 3. Nc3 Nf6 4. d4 c5 5. Bg5 dxc4 6. e3 cxd4 7. Qxd4 Qxd4 8. Nxd4 Bb4 9. Bxf6 gxf6 10. Ndb5 Ba5 11. O-O-O Ke7 12. Bxc4 a6 13. Nd4 b5 14. Be2 Bb7 15. Bf3 Bxf3 16. gxf3 Rc8 17. Kd2 Nc6 18. Nb3 Bb6 19. f4 Na5 20. Nxa5 Bxa5 21. a3 Bxc3+ 22. bxc3 Rc5 23. Kc2 Rac8 24. Rd3 Rg8 25. Rd2 Rg2 26. f3 Rxd2+ 27. Kxd2 Rh5 28. Ke2 Kd6 29. h4 Kc5 30. Kd3 Rd5+ 31. Kc2 Kc4 32. Rb1 a5 33. a4 b4 34. e4 Rh5 35. cxb4 axb4 36. Kb2 Rxh4 37. Rc1+ Kd4 38. a5 Rh2+ 39. Kb3 Rg2 40. a6 Rg8 41. Kxb4 Ke3 42. a7 Kxf3 43. Ra1 Ra8 44. Kc5 Kxf4 45. Ra4 h5 46. Kb6 h4 47. Kb7 Rxa7+ 48. Rxa7 Kxe4 49. Ra4+ Ke3 50. Kc6 f5 51. Rxh4 f4 52. Rh6 e5 53. Kd5 e4 54. Rh3+ f3 55. Ke5 Kd3 56. Kf4 Ke2 57. Kxe4 f2 58. Re3+ Kd2 59. Rf3 Ke2 60. Rxf2+ 1/2-1/2

[Event "Fall 50 50 Pro-Am"]
[Site "Guelph CAN"]
[Date "2007.11.03"]
[Round "2"]
[White "Martchenko, Alexander"]
[Black "Drkulec, Vladimir"]
[Result "1-0"]
[WhiteElo "2208"]
[BlackElo "2155"]
[PlyCount "79"]
[GameId "2160767910574460"]
[EventDate "2007.11.03"]
[EventType "swiss"]
[EventRounds "5"]
[EventCountry "CAN"]
[SourceTitle "EXT 2022"]
[Source "ChessBase"]
[SourceDate "2021.10.06"]
[SourceVersion "1"]
[SourceVersionDate "2021.10.06"]
[SourceQuality "1"]

1. e4 e5 2. Nf3 Nc6 3. Bb5 a6 4. Ba4 Nf6 5. Bxc6 dxc6 6. d3 Bd6 7. Nbd2 Nd7 8. Nc4 O-O 9. Ne3 c5 10. h4 g6 11. h5 Nf6 12. hxg6 fxg6 13. Bd2 Qe7 14. Qe2 b5 15. O-O-O c6 16. Rh2 Ra7 17. Rdh1 h5 18. Nh4 Qf7 19. Kb1 Be6 20. b3 a5 21. f3 a4 22. g4 axb3 23. axb3 Bxb3 24. Bc3 Ra2 25. Bb2 Rfa8 26. gxh5 g5 27. Nhf5 Bf8 28. Qg2 Nh7 29. Ng4 Qa7 30. cxb3 c4 31. Ngh6+ Bxh6 32. Nxh6+ Kf8 33. Qg4 Ra1+ 34. Kc2 cxd3+ 35. Kd2 Qa5+ 36. Kxd3 Rd8+ 37. Kc2 Rxh1 38. Qf5+ Ke7 39. Qxh7+ Kd6 40. Rxh1 1-0

[Event "Fall 50 50 Pro-Am"]
[Site "Guelph CAN"]
[Date "2007.11.03"]
[Round "2"]
[White "Ng, Gary"]
[Black "Demmery, Steve"]
[Result "1-0"]
[WhiteElo "2232"]
[BlackElo "2162"]
[PlyCount "103"]
[GameId "2160767910574461"]
[EventDate "2007.11.03"]
[EventType "swiss"]
[EventRounds "5"]
[EventCountry "CAN"]
[SourceTitle "EXT 2022"]
[Source "ChessBase"]
[SourceDate "2021.10.06"]
[SourceVersion "1"]
[SourceVersionDate "2021.10.06"]
[SourceQuality "1"]

1. b4 d5 2. Bb2 Nf6 3. Nf3 Bf5 4. e3 e6 5. c4 Nbd7 6. b5 dxc4 7. Bxc4 Bd6 8. d4 Qe7 9. Qb3 O-O 10. O-O e5 11. Nh4 Bg4 12. h3 Ne4 13. Qc2 Qxh4 14. Qxe4 Nf6 15. Qc2 e4 16. Ba3 Bf3 17. Bxd6 cxd6 18. gxf3 Qxh3 19. fxe4 Ng4 20. f3 Qg3+ 21. Qg2 Qxg2+ 22. Kxg2 Nxe3+ 23. Kf2 Nxc4 24. Rc1 Rac8 25. a4 f5 26. Na3 Nxa3 27. Rxc8 Rxc8 28. Rxa3 f4 29. Ke2 Kf7 30. Kd3 Ke6 31. Ra1 b6 32. Rh1 h6 33. Rg1 g5 34. Rh1 Rh8 35. d5+ Ke5 36. Rh5 Rh7 37. Kc4 Kf6 38. Kd4 Kg6 39. Rh1 Rc7 40. e5 dxe5+ 41. Kxe5 Rc3 42. Kd6 Re3 43. Rf1 Rd3 44. Ke6 h5 45. d6 Rd4 46. d7 g4 47. fxg4 hxg4 48. Rxf4 Rxf4 49. d8=Q Re4+ 50. Kd5 Rxa4 51. Ke5 Rb4 52. Qd6+ 1-0

[Event "Fall 50 50 Pro-Am"]
[Site "Guelph CAN"]
[Date "2007.11.03"]
[Round "2"]
[White "Ochkoos, Jura"]
[Black "Ferreira, Alex"]
[Result "1-0"]
[WhiteElo "2362"]
[BlackElo "2010"]
[PlyCount "47"]
[GameId "2160767910574462"]
[EventDate "2007.11.03"]
[EventType "swiss"]
[EventRounds "5"]
[EventCountry "CAN"]
[SourceTitle "EXT 2022"]
[Source "ChessBase"]
[SourceDate "2021.10.06"]
[SourceVersion "1"]
[SourceVersionDate "2021.10.06"]
[SourceQuality "1"]

1. e4 d5 2. exd5 Nf6 3. c4 c6 4. Nc3 cxd5 5. cxd5 Nxd5 6. Nf3 Nc6 7. Bb5 Nxc3 8. bxc3 g6 9. O-O Bg7 10. Re1 O-O 11. Ba3 Re8 12. Bxc6 bxc6 13. d4 Bg4 14. h3 Bxf3 15. Qxf3 e5 16. Qxc6 exd4 17. cxd4 Rxe1+ 18. Rxe1 Rc8 19. Qa4 Bf6 20. d5 Kg7 21. d6 Qb6 22. d7 Rb8 23. Re8 Qb1+ 24. Kh2 1-0

[Event "Fall 50 50 Pro-Am"]
[Site "Guelph CAN"]
[Date "2007.11.03"]
[Round "2"]
[White "Sambuev, Bator"]
[Black "Egorov, Mikhail"]
[Result "0-1"]
[WhiteElo "2524"]
[BlackElo "2028"]
[PlyCount "84"]
[GameId "2160767910574463"]
[EventDate "2007.11.03"]
[EventType "swiss"]
[EventRounds "5"]
[EventCountry "CAN"]
[SourceTitle "EXT 2022"]
[Source "ChessBase"]
[SourceDate "2021.10.06"]
[SourceVersion "1"]
[SourceVersionDate "2021.10.06"]
[SourceQuality "1"]

1. Nf3 Nf6 2. c4 g6 3. Nc3 d5 4. cxd5 Nxd5 5. Qa4+ Bd7 6. Qh4 Nxc3 7. dxc3 Nc6 8. e4 e5 9. Qg3 Qe7 10. h4 h6 11. h5 g5 12. Be3 O-O-O 13. O-O-O Bg7 14. Be2 Be6 15. Kb1 f5 16. exf5 Bxf5+ 17. Ka1 e4 18. Nd4 Nxd4 19. Bxd4 Bxd4 20. cxd4 Qd6 21. Qe3 Qb6 22. d5 Qxe3 23. fxe3 c6 24. dxc6 bxc6 25. b4 Be6 26. Kb2 Rhf8 27. Rxd8+ Kxd8 28. Rf1 Rxf1 29. Bxf1 Ke7 30. a4 Kd6 31. Kc3 Ke5 32. Ba6 Bf7 33. Bb7 Kd6 34. Kd4 Bxh5 35. Kxe4 Bg6+ 36. Kd4 h5 37. e4 h4 38. e5+ Kc7 39. Ba6 g4 40. Be2 h3 41. gxh3 gxh3 42. a5 Bf7 0-1

[Event "Fall 50 50 Pro-Am"]
[Site "Guelph CAN"]
[Date "2007.11.03"]
[Round "3"]
[White "Baljeu, Alan"]
[Black "Ochkoos, Jura"]
[Result "0-1"]
[WhiteElo "2027"]
[BlackElo "2362"]
[PlyCount "28"]
[GameId "2160767910574464"]
[EventDate "2007.11.03"]
[EventType "swiss"]
[EventRounds "5"]
[EventCountry "CAN"]
[SourceTitle "EXT 2022"]
[Source "ChessBase"]
[SourceDate "2021.10.06"]
[SourceVersion "1"]
[SourceVersionDate "2021.10.06"]
[SourceQuality "1"]

1. Nf3 d5 2. c4 e6 3. Nc3 c6 4. e3 f5 5. b3 Nf6 6. Bb2 Bd6 7. Rc1 O-O 8. d4 Nbd7 9. Bd3 Ne4 10. c5 Bc7 11. b4 e5 12. Qb3 Nxc3 13. dxe5 Ne4 14. Rd1 Qe7 0-1

[Event "Fall 50 50 Pro-Am"]
[Site "Guelph CAN"]
[Date "2007.11.03"]
[Round "3"]
[White "Ferreira, Alex"]
[Black "Drkulec, Vladimir"]
[Result "0-1"]
[WhiteElo "2010"]
[BlackElo "2208"]
[PlyCount "130"]
[GameId "2160767910574465"]
[EventDate "2007.11.03"]
[EventType "swiss"]
[EventRounds "5"]
[EventCountry "CAN"]
[SourceTitle "EXT 2022"]
[Source "ChessBase"]
[SourceDate "2021.10.06"]
[SourceVersion "1"]
[SourceVersionDate "2021.10.06"]
[SourceQuality "1"]

1. e4 e5 2. Nf3 Nc6 3. Bb5 a6 4. Bxc6 dxc6 5. d4 exd4 6. Qxd4 Bg4 7. Bg5 Qxd4 8. Nxd4 f6 9. Be3 c5 10. Nb3 b6 11. Nc3 O-O-O 12. a4 a5 13. f3 Be6 14. Kf2 Bd6 15. Nc1 Ne7 16. N1e2 Nc6 17. Rac1 Ne5 18. b3 c6 19. Rcd1 Rhe8 20. Nf4 Bf7 21. Nce2 Kb7 22. Nd3 Ng6 23. c4 Bc7 24. Nef4 Nf8 25. Nc1 Be5 26. Ncd3 Bd4 27. Bxd4 Rxd4 28. Ne2 Rd7 29. Nb2 Red8 30. Rxd7+ Nxd7 31. Rd1 Kc7 32. Nc3 Re8 33. Nd3 Re7 34. Rd2 Nf8 35. f4 Ne6 36. e5 Nd4 37. Rb2 Bg6 38. exf6 gxf6 39. Ne1 h6 40. h3 h5 41. g4 hxg4 42. hxg4 Be8 43. Nf3 Bd7 44. g5 fxg5 45. Nxg5 Bg4 46. Nge4 Bf5 47. Nf6 Rf7 48. Nfe4 Bxe4 49. Nxe4 Rxf4+ 50. Ke3 Rf3+ 51. Kd2 Nxb3+ 52. Kc2 Nd4+ 53. Kc1 Re3 54. Nf6 Rc3+ 55. Kb1 Rxc4 56. Rh2 Rxa4 57. Ne4 Nf5 58. Rh7+ Kb8 59. Nf6 Rb4+ 60. Ka2 Nd4 61. Ka3 Rb3+ 62. Ka4 Rb4+ 63. Ka3 c4 64. Rd7 c3 65. Rh7 Nc2+ 0-1

[Event "Fall 50 50 Pro-Am"]
[Site "Guelph CAN"]
[Date "2007.11.03"]
[Round "3"]
[White "Martchenko, Alexander"]
[Black "Sambuev, Bator"]
[Result "0-1"]
[WhiteElo "2155"]
[BlackElo "2524"]
[PlyCount "68"]
[GameId "2160767910574466"]
[EventDate "2007.11.03"]
[EventType "swiss"]
[EventRounds "5"]
[EventCountry "CAN"]
[SourceTitle "EXT 2022"]
[Source "ChessBase"]
[SourceDate "2021.10.06"]
[SourceVersion "1"]
[SourceVersionDate "2021.10.06"]
[SourceQuality "1"]

1. e4 e6 2. d4 d5 3. Nc3 Bb4 4. e5 c5 5. a3 Ba5 6. Nf3 Nc6 7. Bd2 cxd4 8. Nb5 Bc7 9. Bf4 Nge7 10. Nbxd4 f6 11. Bb5 O-O 12. Bxc6 bxc6 13. O-O Ng6 14. Bg3 c5 15. Nb5 Bxe5 16. Nxe5 fxe5 17. Re1 Ba6 18. a4 Rf5 19. Ra3 Qd7 20. c4 d4 21. Rf3 Rxf3 22. Qxf3 Bb7 23. Qh5 a6 24. Na3 Rf8 25. h4 Rf5 26. Qg4 e4 27. h5 Ne5 28. Bxe5 Rxe5 29. h6 Rf5 30. Qg3 Rf6 31. Qb8+ Rf8 32. Qe5 gxh6 33. Qxc5 e3 34. fxe3 Qf7 0-1

[Event "Fall 50 50 Pro-Am"]
[Site "Guelph CAN"]
[Date "2007.11.03"]
[Round "3"]
[White "Plotkin, Victor"]
[Black "Sapozhnikov, Roman"]
[Result "0-1"]
[WhiteElo "2309"]
[BlackElo "2207"]
[PlyCount "108"]
[GameId "2160767910574467"]
[EventDate "2007.11.03"]
[EventType "swiss"]
[EventRounds "5"]
[EventCountry "CAN"]
[SourceTitle "EXT 2022"]
[Source "ChessBase"]
[SourceDate "2021.10.06"]
[SourceVersion "1"]
[SourceVersionDate "2021.10.06"]
[SourceQuality "1"]

1. e4 c5 2. c3 d5 3. exd5 Qxd5 4. d4 Nf6 5. Nf3 e6 6. Be3 cxd4 7. cxd4 Bb4+ 8. Nc3 O-O 9. Bd3 b6 10. O-O Bxc3 11. bxc3 Ba6 12. Bxa6 Nxa6 13. Qb3 Rfc8 14. Rfc1 Nb8 15. c4 Qe4 16. Re1 Nc6 17. Rac1 Na5 18. Qb5 Qb7 19. Ne5 a6 20. Qa4 Nc6 21. Nxc6 Qxc6 22. Qxc6 Rxc6 23. c5 b5 24. a4 b4 25. a5 Nd5 26. Rb1 Kf8 27. Bd2 Rb8 28. Rb3 Rc7 29. Kf1 Ke8 30. Ke2 Kd7 31. Kd3 Rb5 32. Ra1 Kc6 33. Kc4 Rcb7 34. g4 Rb8 35. Rf3 R8b7 36. Rb3 Rb8 37. Ra2 R8b7 38. g5 Rb8 39. Rh3 Rh8 40. Ra4 Rhb8 41. Ra2 Rh8 42. Ra4 Rhb8 43. Rxh7 b3 44. Ra1 b2 45. Rb1 Rb3 46. Rh4 Rf3 47. Rg4 Rxf2 48. Kd3 Rb3+ 49. Kc2 Rc3+ 50. Kd1 Rf1+ 51. Be1 Rxe1+ 52. Kxe1 Rc1+ 53. Kd2 Rxb1 54. Kc2 Ne3+ 0-1

[Event "Fall 50 50 Pro-Am"]
[Site "Guelph CAN"]
[Date "2007.11.03"]
[Round "3"]
[White "Sundar, Avinaash"]
[Black "Ng, Gary"]
[Result "0-1"]
[WhiteElo "2082"]
[BlackElo "2232"]
[PlyCount "112"]
[GameId "2160767910574469"]
[EventDate "2007.11.03"]
[EventType "swiss"]
[EventRounds "5"]
[EventCountry "CAN"]

1. c4 c6 2. g3 d5 3. Bg2 Nf6 4. Nf3 dxc4 5. Qc2 b5 6. a4 Bb7 7. b3 cxb3 8. Qxb3 Qd5 9. Qb2 a6 10. Nc3 Qd6 11. d4 b4 12. Bf4 Qd7 13. Na2 a5 14. Ne5 Qd8 15. Qb3 e6 16. O-O Be7 17. e4 Qxd4 18. Rfd1 Qa7 19. Bh3 Bc8 20. Nc4 O-O 21. Bg2 Bc5 22. Ne3 Bd4 23. Rxd4 Qxd4 24. Rd1 Qa7 25. Nc4 Ba6 26. Nd6 Nbd7 27. Qf3 Qc5 28. Nc1 Qh5 29. Qb3 Nc5 30. Qc2 Ncd7 31. h3 Qc5 32. Qd2 Qc3 33. Qa2 Nb6 34. Bd2 Qd4 35. e5 Qxe5 36. Bf4 Qc3 37. Nb3 Bc4 38. Nxc4 Nxc4 39. Nc5 Nb2 40. Rc1 Qa3 41. Qb1 Rac8 42. Rc2 Nxa4 43. Ra2 Nc3 44. Rxa3 Nxb1 45. Rxa5 Ra8 46. Na6 Nd5 47. Bd6 Rfd8 48. Bc5 Nc7 49. Bb6 Rxa6 50. Bxc7 Rd1+ 51. Kh2 Rxa5 52. Bxa5 c5 53. Bf3 Rc1 54. Bc7 Nd2 55. Be2 c4 56. Bf4 c3 0-1

[Event "Fall 50 50 Pro-Am"]
[Site "Guelph CAN"]
[Date "2007.11.03"]
[Round "4"]
[White "Demmery, Steve"]
[Black "Ferreira, Alex"]
[Result "1-0"]
[WhiteElo "2162"]
[BlackElo "2010"]
[PlyCount "51"]
[GameId "2160767910574470"]
[EventDate "2007.11.03"]
[EventType "swiss"]
[EventRounds "5"]
[EventCountry "CAN"]
[SourceTitle "EXT 2022"]
[Source "ChessBase"]
[SourceDate "2021.10.06"]
[SourceVersion "1"]
[SourceVersionDate "2021.10.06"]
[SourceQuality "1"]

1. d4 d5 2. c4 e5 3. Nc3 dxc4 4. d5 c6 5. e4 b5 6. dxc6 Qxd1+ 7. Kxd1 Be6 8. Nxb5 Na6 9. Be3 O-O-O+ 10. Kc1 Nc5 11. Nf3 f6 12. Nd2 a6 13. Nc3 Nd3+ 14. Kb1 Kc7 15. b3 Rb8 16. Nd5+ Bxd5 17. exd5 cxb3 18. axb3 Nb4 19. Bc4 Ne7 20. Ra5 Nf5 21. Rd1 Nxe3 22. fxe3 Kb6 23. Ra4 Bc5 24. Ne4 f5 25. Nxc5 Kxc5 26. c7 1-0

[Event "Fall 50 50 Pro-Am"]
[Site "Guelph CAN"]
[Date "2007.11.03"]
[Round "4"]
[White "Drkulec, Vladimir"]
[Black "Sundar, Avinaash"]
[Result "1-0"]
[WhiteElo "2208"]
[BlackElo "2082"]
[PlyCount "97"]
[GameId "2160767910574471"]
[EventDate "2007.11.03"]
[EventType "swiss"]
[EventRounds "5"]
[EventCountry "CAN"]

1. d4 Nf6 2. c4 c5 3. Nf3 cxd4 4. Nxd4 Nc6 5. Nc3 g6 6. e4 Bg7 7. Be3 Ng4 8. Qxg4 Nxd4 9. Qd1 Ne6 10. Qd2 Qa5 11. Rc1 g5 12. h4 h6 13. hxg5 hxg5 14. Rxh8+ Bxh8 15. b3 b6 16. g3 Bb7 17. Bg2 O-O-O 18. Kf1 d6 19. Nd5 Qxd2 20. Bxd2 Kd7 21. Bh3 Rg8 22. Bg4 Kd8 23. f3 Nc5 24. Ke2 Be5 25. Rg1 e6 26. Ne3 Nd7 27. Bh5 Ke7 28. Kf2 Nf6 29. Rh1 Rh8 30. g4 Bf4 31. Bb4 Rc8 32. Bc3 Bxe3+ 33. Kxe3 e5 34. Bb4 a5 35. Bd2 Nd7 36. Kd3 Nc5+ 37. Kc3 Ne6 38. a4 d5 39. Bg6 dxc4 40. b4 axb4+ 41. Kxb4 Rc7 42. Bf5 Nf4 43. Rh6 Bc6 44. Ka3 b5 45. Bb4+ Kd8 46. Rh8+ Be8 47. Ba5 b4+ 48. Kxb4 Nd3+ 49. Kc3 1-0

[Event "Fall 50 50 Pro-Am"]
[Site "Guelph CAN"]
[Date "2007.11.03"]
[Round "4"]
[White "Egorov, Mikhail"]
[Black "Plotkin, Victor"]
[Result "0-1"]
[WhiteElo "2028"]
[BlackElo "2309"]
[PlyCount "69"]
[GameId "2160767910574472"]
[EventDate "2007.11.03"]
[EventType "swiss"]
[EventRounds "5"]
[EventCountry "CAN"]
[SourceTitle "EXT 2022"]
[Source "ChessBase"]
[SourceDate "2021.10.06"]
[SourceVersion "1"]
[SourceVersionDate "2021.10.06"]
[SourceQuality "1"]

1. d4 d5 2. c4 dxc4 3. Nf3 Nf6 4. g3 e6 5. Bg2 Bb4+ 6. Bd2 Be7 7. Qa4+ Nbd7 8. Qxc4 O-O 9. O-O c5 10. dxc5 Bxc5 11. Nc3 a6 12. b4 Ba7 13. Qb3 Qe7 14. Rac1 Rd8 15. Bf4 Nb6 16. e4 h6 17. a4 e5 18. Nxe5 g5 19. Ng6 Qe8 20. Bc7 Be6 21. Qb1 fxg6 22. Bxd8 Rxd8 23. a5 Nc4 24. Nd5 Nxd5 25. exd5 Bf5 26. Qa2 Nd6 27. Qb2 Qf7 28. Qe5 Qg7 29. Qe2 Re8 30. Qd2 Re7 31. Rfe1 Rxe1+ 32. Rxe1 Qd4 33. Qe2 Qf6 34. Qd2 Bd7 35. Qc1 0-1

[Event "Fall 50 50 Pro-Am"]
[Site "Guelph CAN"]
[Date "2007.11.03"]
[Round "4"]
[White "Inigo, Aquino"]
[Black "Martchenko, Alexander"]
[Result "1-0"]
[WhiteElo "2042"]
[BlackElo "2155"]
[PlyCount "61"]
[GameId "2160767910574473"]
[EventDate "2007.11.03"]
[EventType "swiss"]
[EventRounds "5"]
[EventCountry "CAN"]
[SourceTitle "EXT 2022"]
[Source "ChessBase"]
[SourceDate "2021.10.06"]
[SourceVersion "1"]
[SourceVersionDate "2021.10.06"]
[SourceQuality "1"]

1. d4 d5 2. c4 e6 3. Nc3 c6 4. Nf3 dxc4 5. e3 b5 6. a4 Bb4 7. Bd2 a5 8. axb5 Bxc3 9. Bxc3 cxb5 10. b3 Nf6 11. bxc4 Ne4 12. Bb2 b4 13. Ne5 Bb7 14. Qa4+ Nd7 15. c5 Ke7 16. Nc4 Kf8 17. c6 Qf6 18. cxb7 Qxf2+ 19. Kd1 Rd8 20. Qxa5 Ke7 21. Qc7 b3 22. Be2 Qxg2 23. Rf1 Nf2+ 24. Ke1 Ne4 25. Ba3+ Ke8 26. Nd6+ Nxd6 27. Qxd6 Qg5 28. Rb1 e5 29. Rxf7 Kxf7 30. Bc4+ Ke8 31. Qe6+ 1-0

[Event "Fall 50 50 Pro-Am"]
[Site "Guelph CAN"]
[Date "2007.11.03"]
[Round "4"]
[White "Sapozhnikov, Roman"]
[Black "Sambuev, Bator"]
[Result "1/2-1/2"]
[WhiteElo "2207"]
[BlackElo "2524"]
[PlyCount "67"]
[GameId "2160767910574475"]
[EventDate "2007.11.03"]
[EventType "swiss"]
[EventRounds "5"]
[EventCountry "CAN"]
[SourceTitle "EXT 2022"]
[Source "ChessBase"]
[SourceDate "2021.10.06"]
[SourceVersion "1"]
[SourceVersionDate "2021.10.06"]
[SourceQuality "1"]

1. e4 e6 2. d4 d5 3. Nc3 Bb4 4. e5 c5 5. Bd2 Nc6 6. Nb5 Bxd2+ 7. Qxd2 Nxd4 8. Nxd4 cxd4 9. Qxd4 Ne7 10. f4 Nc6 11. Qd2 f6 12. exf6 Qxf6 13. O-O-O O-O 14. g3 e5 15. Ne2 Bg4 16. Re1 Bf3 17. Rg1 e4 18. Qxd5+ Kh8 19. Nc3 Rfd8 20. Qc5 Nd4 21. Nd5 Rxd5 22. Qxd5 Qb6 23. Bc4 Rd8 24. Qe5 Be2 25. Bxe2 Nxe2+ 26. Kb1 Nxg1 27. Qxe4 h6 28. Qg2 Nh3 29. Qxh3 Qf2 30. Rc1 Qe2 31. b3 b5 32. g4 Rd1 33. Qg3 b4 34. Rxd1 1/2-1/2

[Event "Fall 50 50 Pro-Am"]
[Site "Guelph CAN"]
[Date "2007.11.04"]
[Round "5"]
[White "Baljeu, Alan"]
[Black "Martchenko, Alexander"]
[Result "0-1"]
[WhiteElo "2027"]
[BlackElo "2155"]
[PlyCount "112"]
[GameId "2160767910574476"]
[EventDate "2007.11.03"]
[EventType "swiss"]
[EventRounds "5"]
[EventCountry "CAN"]
[SourceTitle "EXT 2022"]
[Source "ChessBase"]
[SourceDate "2021.10.06"]
[SourceVersion "1"]
[SourceVersionDate "2021.10.06"]
[SourceQuality "1"]

1. Nf3 d5 2. e3 Nf6 3. b3 e6 4. Bb2 c5 5. Nc3 Nc6 6. Bb5 Bd7 7. O-O Bd6 8. d4 O-O 9. Re1 a6 10. Bd3 Rc8 11. Ne2 Nb4 12. c4 Nxd3 13. Qxd3 cxd4 14. exd4 Ne4 15. c5 Bc7 16. b4 Bb5 17. Qc2 f5 18. a4 Bxe2 19. Rxe2 Rf6 20. b5 Rh6 21. Bc1 Rh5 22. g3 Qf6 23. c6 b6 24. bxa6 f4 25. Ra3 fxg3 26. fxg3 Rf8 27. Rxe4 dxe4 28. Qxe4 Rf5 29. Kg2 Qg6 30. Qe2 e5 31. Qc4+ Kh8 32. dxe5 Bxe5 33. c7 Qe8 34. Re3 Qa8 35. Ba3 Rxf3 36. Rxf3 Qxf3+ 37. Kh3 Qf5+ 38. Kg2 Rc8 39. a7 Bxc7 40. Qc6 Qa5 41. Qb7 Rd8 42. Bb4 Qxb4 43. a8=Q Qd2+ 44. Kf3 Rxa8 45. Qxa8+ Qd8 46. Qc6 Qf6+ 47. Qxf6 gxf6 48. Ke4 Bd6 49. Kd5 Bc5 50. a5 bxa5 51. Kxc5 Kg7 52. Kb5 Kg6 53. Kxa5 Kf5 54. h3 Ke4 55. Kb5 Kf3 56. g4 Kg3 0-1

[Event "Fall 50 50 Pro-Am"]
[Site "Guelph CAN"]
[Date "2007.11.04"]
[Round "5"]
[White "Drkulec, Vladimir"]
[Black "Inigo, Aquino"]
[Result "1/2-1/2"]
[WhiteElo "2208"]
[BlackElo "2042"]
[PlyCount "155"]
[GameId "2160767910574477"]
[EventDate "2007.11.03"]
[EventType "swiss"]
[EventRounds "5"]
[EventCountry "CAN"]
[SourceTitle "EXT 2022"]
[Source "ChessBase"]
[SourceDate "2021.10.06"]
[SourceVersion "1"]
[SourceVersionDate "2021.10.06"]
[SourceQuality "1"]

1. d4 d5 2. c4 e6 3. Nc3 Nf6 4. Nf3 Be7 5. Bg5 O-O 6. e3 h6 7. Bh4 b6 8. cxd5 Nxd5 9. Nxd5 exd5 10. Bxe7 Qxe7 11. Qc2 Be6 12. a3 Rc8 13. b4 c5 14. dxc5 bxc5 15. b5 Qf6 16. Rc1 Nd7 17. Be2 Rab8 18. O-O Ne5 19. Rfd1 Nxf3+ 20. Bxf3 Rxb5 21. Qe2 c4 22. Rd4 Qe7 23. a4 Ra5 24. Qd1 Qb4 25. e4 Qxa4 26. Qxa4 Rxa4 27. exd5 Bd7 28. Bd1 Ra2 29. Rc3 Ra1 30. Kf1 Ba4 31. Ke2 Bxd1+ 32. Rxd1 Rxd1 33. Kxd1 Kf8 34. Kd2 Ke7 35. Ra3 c3+ 36. Kc2 Rc7 37. Ra6 Rd7 38. Kxc3 Rxd5 39. Rxa7+ Kf6 40. Ra6+ Kg5 41. Ra7 Kg6 42. Ra6+ f6 43. Ra7 Rd1 44. h4 Rf1 45. Ra2 Rg1 46. g3 Rd1 47. Kc2 Rd7 48. Ra5 h5 49. Rb5 Kh6 50. Rb6 Rd5 51. Kc3 Kg6 52. Rb7 Rf5 53. Rb2 Rf3+ 54. Kd4 Kf5 55. Ra2 g5 56. hxg5 fxg5 57. Rb2 h4 58. gxh4 gxh4 59. Rb8 Kg4 60. Rg8+ Kh3 61. Rh8 Rxf2 62. Ke3 Rf6 63. Rh7 Kg3 64. Rg7+ Kh2 65. Ra7 h3 66. Ke2 Kg2 67. Rg7+ Kh1 68. Rg8 Ra6 69. Kf2 Ra2+ 70. Kf1 Rg2 71. Rf8 Rg4 72. Rf3 Kh2 73. Kf2 Ra4 74. Rb3 Ra2+ 75. Kf1 Rg2 76. Ra3 Rg6 77. Rf3 Rh6 78. Kf2 1/2-1/2

[Event "Fall 50 50 Pro-Am"]
[Site "Guelph CAN"]
[Date "2007.11.04"]
[Round "5"]
[White "Egorov, Mikhail"]
[Black "Demmery, Steve"]
[Result "1-0"]
[WhiteElo "2028"]
[BlackElo "2162"]
[PlyCount "93"]
[GameId "2160767910574478"]
[EventDate "2007.11.03"]
[EventType "swiss"]
[EventRounds "5"]
[EventCountry "CAN"]
[SourceTitle "EXT 2022"]
[Source "ChessBase"]
[SourceDate "2021.10.06"]
[SourceVersion "1"]
[SourceVersionDate "2021.10.06"]
[SourceQuality "1"]

1. d4 Nf6 2. Nf3 d5 3. c4 e6 4. g3 dxc4 5. Bg2 Nc6 6. O-O Rb8 7. a4 a6 8. Nc3 Be7 9. e4 O-O 10. a5 Bb4 11. e5 Bxc3 12. bxc3 Nd5 13. Qc2 h6 14. Nd2 Nce7 15. Nxc4 Bd7 16. Nd2 c5 17. dxc5 Qc7 18. c4 Nb4 19. Qb3 Nbc6 20. Ne4 Nf5 21. Nd6 Nxa5 22. Qc3 Nc6 23. Ba3 Nfd4 24. Qd3 b6 25. cxb6 Rxb6 26. Qe4 Nb3 27. Rad1 Nb4 28. Qh4 Nc5 29. Qe7 Qd8 30. Qxd8 Rxd8 31. Bb2 Ba4 32. Bd4 Rbxd6 33. exd6 Bxd1 34. Bxc5 Nd3 35. Bb6 Rxd6 36. Rxd1 Rxb6 37. Rxd3 Rb1+ 38. Bf1 Ra1 39. Rc3 Kf8 40. c5 Ke7 41. c6 Kd8 42. c7+ Kc8 43. Kg2 g5 44. Be2 Ra2 45. Bh5 f5 46. Bf7 Re2 47. Rc6 1-0

[Event "Fall 50 50 Pro-Am"]
[Site "Guelph CAN"]
[Date "2007.11.04"]
[Round "5"]
[White "Plotkin, Victor"]
[Black "Ochkoos, Jura"]
[Result "1-0"]
[WhiteElo "2309"]
[BlackElo "2362"]
[PlyCount "129"]
[GameId "2160767910574479"]
[EventDate "2007.11.03"]
[EventType "swiss"]
[EventRounds "5"]
[EventCountry "CAN"]
[SourceTitle "EXT 2022"]
[Source "ChessBase"]
[SourceDate "2021.10.06"]
[SourceVersion "1"]
[SourceVersionDate "2021.10.06"]
[SourceQuality "1"]

1. e4 d6 2. d4 Nf6 3. Nc3 g6 4. f4 Bg7 5. Nf3 O-O 6. e5 Nfd7 7. Bc4 Nb6 8. Be2 dxe5 9. fxe5 Nc6 10. O-O Bf5 11. Bg5 f6 12. exf6 exf6 13. Bf4 Nb4 14. Rc1 N4d5 15. Nxd5 Nxd5 16. Qd2 Nxf4 17. Qxf4 c6 18. Bc4+ Kh8 19. Nh4 g5 20. Qd2 Be4 21. Nf5 Qd7 22. Bd3 Rfe8 23. Rce1 Bd5 24. Qf2 Rxe1 25. Rxe1 Re8 26. a3 Rxe1+ 27. Qxe1 Bf8 28. Qe3 Be6 29. Qf2 b6 30. c3 c5 31. Qf3 Bd5 32. Be4 Be6 33. d5 Bf7 34. Ne3 Qd8 35. Bf5 Bd6 36. Qe4 Qe7 37. Bxh7 Qe5 38. g3 Kg7 39. Qxe5 Bxe5 40. Be4 b5 41. Kf2 a5 42. Ke2 Bh5+ 43. Kd3 Kf8 44. a4 c4+ 45. Kd2 Be8 46. axb5 Bxb5 47. Ng4 Bd6 48. Nxf6 Kg7 49. Ng4 a4 50. Ne3 Kf6 51. Bf3 Ke5 52. Be2 Bc5 53. Nxc4+ Kxd5 54. Ne3+ Ke4 55. Bxb5 Bxe3+ 56. Kc2 a3 57. bxa3 g4 58. Bc6+ Kf5 59. Kd3 Bg1 60. Ke2 Bc5 61. a4 Bb6 62. Bd7+ Kg5 63. h3 gxh3 64. Bxh3 Bc7 65. Kf3 1-0

[Event "Fall 50 50 Pro-Am"]
[Site "Guelph CAN"]
[Date "2007.11.04"]
[Round "5"]
[White "Sundar, Avinaash"]
[Black "Ferreira, Alex"]
[Result "1-0"]
[WhiteElo "2082"]
[BlackElo "2010"]
[PlyCount "71"]
[GameId "2160767910574481"]
[EventDate "2007.11.03"]
[EventType "swiss"]
[EventRounds "5"]
[EventCountry "CAN"]

1. c4 d5 2. cxd5 Nf6 3. Qa4+ Qd7 4. Qxd7+ Nbxd7 5. Nc3 Nc5 6. g3 h5 7. h3 e6 8. dxe6 Bxe6 9. Bg2 O-O-O 10. d3 Nd5 11. Nf3 Be7 12. Bd2 Rhe8 13. O-O f6 14. Nxd5 Bxd5 15. Rfc1 Kb8 16. Be3 Nd7 17. Nd2 Bxg2 18. Kxg2 g5 19. Ne4 Nf8 20. Rc4 Ne6 21. g4 hxg4 22. hxg4 f5 23. gxf5 Nf4+ 24. Bxf4 gxf4 25. f6 Bxf6 26. Nxf6 Rxe2 27. Rxf4 Rxd3 28. Nd5 Re8 29. Ne3 Rd2 30. Rb1 b5 31. Kf3 Kb7 32. Rf7 Kb6 33. a3 a5 34. b4 c6 35. bxa5+ Kxa5 36. Nc4+ 1-0